The Lord of the Rings: Lady Galadriel’s song of Lórien - Statistics

General Stats
  • This quiz has been taken 414 times
  • The average score is 83 of 157
Answer Stats
Fill in % Correct
a
95%
the
91%
The
91%
I
90%
O
82%
and
78%
And
78%
in
73%
In
73%
Tree.
71%
of
69%
Of
69%
what
64%
What
64%
to
63%
gold,
60%
gold
60%
Lórien!
60%
on
60%
leaves,
59%
leaves
59%
me,
59%
me
59%
so
57%
there
55%
There
55%
Sun,
54%
Moon,
53%
was
53%
it
51%
sang
51%
sang,
51%
wind
51%
Sea,
50%
Sea?
50%
fall
49%
by
48%
golden
48%
came,
47%
grew:
47%
grew
47%
stars
47%
come
46%
sing,
45%
would
45%
are
44%
now
44%
ship
43%
this
42%
ever
41%
have
41%
blew.
40%
Day;
40%
if
40%
long
40%
across
39%
wide
39%
River
38%
Elven
36%
Elven-
36%
bear
35%
branches
34%
upon
34%
years,
34%
Beyond
33%
beyond
33%
But
33%
Shore
33%
should
33%
back
32%
here
30%
Seas
29%
tears.
29%
stream,
28%
Too
28%
Beneath
27%
Eldamar
27%
ships
27%
Winter
27%
falling
26%
Tirion.
26%
away.
24%
comes,
24%
Hither
23%
Sundering
23%
foam
22%
Ilmarin
22%
shone,
22%
crown
21%
dwelt
21%
grown
21%
elanor.
20%
fading
20%
branching
19%
flows
19%
While
19%
bare
18%
beside
18%
walls
18%
leafless
17%
Ever-eve
16%
twined
16%
strands
15%
No matching quizzes found
Score Distribution
Percent of People with Each Score
Percentile by Number Answered
Your Score History
You have not taken this quiz